000 01741nam a2200229Ia 4500
003 Ost
005 20260507075100.0
008 260507s9999||||xx |||||||||||||| ||und||
020 _a1021329957
040 _cfsecg
041 _aara
082 _a658
100 _aعباس، علي
_eمؤلف
245 0 _aإدارة الأعمال الدولية :
_bالإطار العام /
_c علي عباس
260 _aالقاهرة:
_bدار الحامد,
_c2003
300 _a438 صفحة؛
_bإيضاحات ؛
_c25 سم
504 _aبيبليوغرافيا ص.437
520 _aالأعمال الدولية طبيعتها-مجالات تنظيمها،التجارة الدولية،النظريات الكلاسيكية-الوضع الراهن،منظمة التجارة العالمية ومؤسساتها،ميزان المدفوعات وأسعار صرف العملات،الإستثمار الأجنبي في الدول النامية-أنواعه-نظرياته-سياساته وإشكالية التفاوض،الإدارة الإستراتيجية في ش.م.ح،التخطيط الاستراتيجي في ش.م.ج،تحليل المخاطر اليساسية للإستثمار الأجنبي والبيئة القانونية،البيئة المالية:الأسواق المالية والنقدية،البيئة المالية:المؤسسات المالية الدولية والآقليمية،البيئة الثقافية والاجتماعية للأعمال الدولية،تنمية الموارد البشرية في الأعمال الدولية،موضوعات خاصة في التسويق الدولي
653 _aادارة الاعمال
653 _aالتجارة الخارجية
942 _cكتاب
999 _c42785
_d42785